Economic development and reforms in co-operation parter countries (Record no. 489198)

MARC details
000 -LEADER
fixed length control field 00800nam a2200253Ia 4500
003 - CONTROL NUMBER IDENTIFIER
control field OSt
005 - DATE AND TIME OF LATEST TRANSACTION
control field 20220925173843.0
008 - FIXED-LENGTH DATA ELEMENTS--GENERAL INFORMATION
fixed length control field 220923b |||||||| |||| 00| 0 eng d
020 ## - INTERNATIONAL STANDARD BOOK NUMBER
International Standard Book Number 9284500937
037 ## - SOURCE OF ACQUISITION
Terms of availability General Book
040 ## - CATALOGING SOURCE
Original cataloging agency RTL
Transcribing agency RTL
Language of cataloging eng
041 ## - LANGUAGE CODE
Source of code eng
Language code of text/sound track or separate title eng
100 ## - MAIN ENTRY--PERSONAL NAME
Personal name Weichhardt Reinew Ed.
9 (RLIN) 245149
245 #0 - TITLE STATEMENT
Title Economic development and reforms in co-operation parter countries
Remainder of title The social and human dimension
260 ## - PUBLICATION, DISTRIBUTION, ETC.
Place of publication, distribution, etc. Brussles
Name of publisher, distributor, etc. NATO
Date of publication, distribution, etc. 1996
300 ## - PHYSICAL DESCRIPTION
Extent 329p.
Dimensions cm.
490 ## - SERIES STATEMENT
Series statement North Atlantic Treaty Organisation, Conlloquiun
650 ## - SUBJECT ADDED ENTRY--TOPICAL TERM
Topical term or geographic name entry element Economic Development
9 (RLIN) 17300
942 ## - ADDED ENTRY ELEMENTS (KOHA)
Classification part X:77.1.N9, N6
Koha item type General Books
Source of classification or shelving scheme Colon Classification (CC)
Holdings
Withdrawn status Lost status Damaged status Not for loan Home library Current library Date acquired Total Checkouts Full call number Barcode Date last seen Price effective from Koha item type
        Ratan Tata Library Ratan Tata Library 2022-09-25   X:77.1.N9 N6 RT1115688 2022-09-25 2022-09-25 General Books
Copyright @ Delhi University Library System